<?xml version="1.0" encoding="UTF-8"?>
<collection xmlns="http://www.loc.gov/MARC21/slim">
 <record>
  <leader>01451nam a2200241 a 4500</leader>
  <controlfield tag="001">TVCDKTCT6743</controlfield>
  <controlfield tag="003">Thư viện trường Cao đẳng Kỹ thuật Cao Thắng</controlfield>
  <controlfield tag="005">20070413000000</controlfield>
  <controlfield tag="008">070413</controlfield>
  <datafield tag="980" ind1="\" ind2="\">
   <subfield code="a">Thư viện Trường CĐ Kỹ Thuật Cao Thắng</subfield>
  </datafield>
  <datafield tag="024" ind1=" " ind2=" ">
   <subfield code="a">RG_1 #1 eb0 i1 i5</subfield>
  </datafield>
  <datafield tag="041" ind1="0" ind2="#">
   <subfield code="a">vie</subfield>
  </datafield>
  <datafield tag="082" ind1="#" ind2="#">
   <subfield code="a">299.5 / </subfield>
   <subfield code="b">Đ108KH-đ</subfield>
  </datafield>
  <datafield tag="100" ind1="1" ind2="#">
   <subfield code="a">Đào Phan</subfield>
  </datafield>
  <datafield tag="245" ind1="0" ind2="0">
   <subfield code="a">Đạo Khổng trong văn Bác Hồ /</subfield>
   <subfield code="c">Đào Phan</subfield>
  </datafield>
  <datafield tag="260" ind1="#" ind2="#">
   <subfield code="a">H. :</subfield>
   <subfield code="b">Văn hóa thông tin ,</subfield>
   <subfield code="c">2005</subfield>
  </datafield>
  <datafield tag="300" ind1="#" ind2="#">
   <subfield code="a">330tr. ;</subfield>
   <subfield code="c">21cm</subfield>
  </datafield>
  <datafield tag="520" ind1="#" ind2="#">
   <subfield code="a">Bao gồm những trích lục cũng như các chú giải cung cấp những tư liệu nhằm giúp cho cả những ai không biết chữ Nho cũng nắm được đạo Nho. Đạo Khổng trong văn Bác Hồ đó là sự thật lớn lao không thể sao lãng khi chúng ta kế thừa những gì đúng đắn là văn chương, tư tưởng, đạo đức, cốt cách của vị lãnh tụ mà ai nấy đều tin cậy và yêu quý. Gồm 3 phần:</subfield>
  </datafield>
  <datafield tag="520" ind1="#" ind2="#">
   <subfield code="a">Phần 1: Từ 1921 đến tổng khởi nghĩa tháng Tám</subfield>
  </datafield>
  <datafield tag="520" ind1="#" ind2="#">
   <subfield code="a">Phần 2 : Từ 1945 đến chiến thắng Điện Biên Phủ</subfield>
  </datafield>
  <datafield tag="520" ind1="#" ind2="#">
   <subfield code="a">Phần 3 : Từ giải phóng miền Bắc đến di chúc năm 1969</subfield>
  </datafield>
  <datafield tag="650" ind1="#" ind2="4">
   <subfield code="a">Đạo Khổng</subfield>
  </datafield>
  <datafield tag="650" ind1="#" ind2="4">
   <subfield code="a">Hồ Chí Minh</subfield>
  </datafield>
 </record>
</collection>
